Scottish internationals (Record no. 62021)

MARC details
000 -LEADER
fixed length control field 00637cam a2200217 4500
001 - CONTROL NUMBER
control field ABS61683
008 - FIXED-LENGTH DATA ELEMENTS--GENERAL INFORMATION
fixed length control field 000000n 000 0 eng u
035 ## - SYSTEM CONTROL NUMBER
System control number (Sirsi) u103192
100 ## - MAIN ENTRY--PERSONAL NAME
Personal name Scott, D.
245 ## - TITLE STATEMENT
Title Scottish internationals
260 ## - PUBLICATION, DISTRIBUTION, ETC.
Date of publication, distribution, etc.
490 ## - SERIES STATEMENT
Series statement Building
Volume/sequential designation 264(8109) 22 October 1999, 91(1)
520 ## - SUMMARY, ETC.
Summary, etc. Looks at the system for arbitration in Scotland, which is subject to the UN guidelines on international commercial arbitration.
590 ## - LOCAL NOTE (RLIN)
Local note ABS
650 ## - SUBJECT ADDED ENTRY--TOPICAL TERM
Topical term or geographic name entry element UN
650 ## - SUBJECT ADDED ENTRY--TOPICAL TERM
Topical term or geographic name entry element UNITED NATIONS
650 ## - SUBJECT ADDED ENTRY--TOPICAL TERM
Topical term or geographic name entry element COMMERCIAL ARBITRATION
650 ## - SUBJECT ADDED ENTRY--TOPICAL TERM
Topical term or geographic name entry element SCOTLAND
690 ## - LOCAL SUBJECT ADDED ENTRY--TOPICAL TERM (OCLC, RLIN)
Topical term or geographic name as entry element Dispute resolution
9 (RLIN) 6236
942 ## - ADDED ENTRY ELEMENTS (KOHA)
Suppress in OPAC 0
Holdings
Withdrawn status Lost status Source of classification or shelving scheme Damaged status Not for loan Home library Current library Shelving location Date acquired Total Checkouts Full call number Barcode Date last seen Copy number Price effective from Koha item type
    Dewey Decimal Classification     London London Journal article 16/12/1999   ABS61683 103192-1001 06/08/2019 1 06/08/2019 Journal article